000 00691cam a2200217 a 4500
001 000021523
005 20200930011344.0
008 850501s1970 mx 000 j spa d
040 _aDO-SdBNP
_bspa
_cBNPHU
082 _a853.8
_bA516c
100 1 _aAmicis, Edmundo de,
_d1846-1908.
_924451
245 1 0 _aCorazón /
_cEdmundo de Amicis ; prólogo, María Elvira Bermúdez.
260 _aMéxico :
_bPorrua,
_c1970.
300 _a163 p. ;
_c22 cm.
490 1 _aSepan Cuantos ;
_v157
650 4 _aCuentos italianos
_95425
650 4 _aLiteratura italiana
_ySIGLO XIX
_940243
700 1 _aBermúdez, María Elvira,
_epról.
_944863
830 0 _aSepan Cuantos ;
_v157
_912886
049 _aBNGR
999 _c21023
_d21023